00843cam a22002533a 450000100060000000300060000600500170001200800410002904000150007004200070008505000070009210000360009924501150013526000290025050600300027951600200030965300310032965300400036065300420040065300340044265300420047683000290051885600420054726193PGUSA20140828083550.0080804s2008||||xxu|||||s|||||000 1 eng d aPGUSAbeng adc 4aPZ1 aStratemeyer, Edward,d1862-193014aThe Rover Boys in Southern Waters ;bor, The Deserted Steam Yachth[electronic resource] /cEdward Stratemeyer bProject Gutenberg,c2008 aPublic domain in the USA. aElectronic text aYachts -- Juvenile fiction aMexico, Gulf of -- Juvenile fiction aBoats and boating -- Juvenile fiction aDetective and mystery stories aMississippi River -- Juvenile fiction 0aProject Gutenbergv2619340uhttp://www.gutenberg.org/ebooks/26193